|
|
|
|
| LEADER |
00000cam a2200000 i 4500 |
| 001 |
1/45987 |
| 008 |
070612s2006 gr | ||| |||| ||gre|| |
| 020 |
|
|
|a 9604351214
|
| 035 |
|
|
|l 10088259
|
| 040 |
|
|
|a GR-MY-UA
|b gre
|e aacr
|
| 041 |
1 |
|
|a gre
|h fre
|
| 082 |
7 |
|
|a 944.07
|2 (22)
|
| 100 |
1 |
|
|a Agulhon, Maurice.
|
| 245 |
1 |
0 |
|a 1848 η επανάσταση στη Γαλλία, ή η μαθητεία στη δημοκρατία :
|b 1848-1852 /
|c Maurice Agulhon ; μετάφραση: Ιουλία Πεντάζου ; επιμέλεια: Ανδρέας Παππας, Αντώνης Ιωάννου ; επίμετρο: Philippe Boutry.
|
| 260 |
|
|
|a [Αθήνα] :
|b Πόλις,
|c [2006, c1992].
|
| 300 |
|
|
|a 429 σ. ;
|c 21 εκ.
|
| 490 |
1 |
|
|a (Historia)
|
| 500 |
|
|
|a Μετάφραση του: 1848 ou l'apprentissage de la republique.
|
| 504 |
|
|
|a Βιβλιογραφία: σ. 363-374.
|
| 651 |
|
0 |
|a France
|x History
|y Second Republic, 1848-1852.
|
| 700 |
1 |
|
|a Πεντάζου, Ιουλία,
|e trlf
|
| 700 |
1 |
|
|a Παππάς, Ανδρέας,
|d 1950-
|e edt
|
| 700 |
1 |
|
|a Ιωάννου, Αντώνης,
|e edt
|
| 700 |
1 |
|
|a Boutry, Philippe,
|e aft
|
| 830 |
|
0 |
|a Historia
|
| 852 |
|
|
|a INST
|b LESVOS
|e 20070612
|h 944.07 AGU
|p 005100038242
|q 005100038242
|t BK
|y 0
|
| 852 |
|
|
|a INST
|b RHODES
|e 20070905
|h 944.07 AGU
|p 005400025833
|q 005400025833
|t BK
|y 0
|
| 901 |
|
|
|a BIBL1-2007-2
|
| 901 |
|
|
|a BIBL4-2007-3
|
| 909 |
|
|
|a Λ
|b 135337
|
| 909 |
|
|
|a Ρ
|b 138568
|
| 922 |
|
|
|a 1ΕΛΗ
|b 200706
|c ΕΠΕΑΕΚ2/ΤΚΑ
|d Σ. ΠΑΤΑΚΗΣ
|
| 922 |
|
|
|a 4ΕΛΗ
|b 200708
|c ΕΠΕΑΕΚ2/ΠΤΔΕ
|d Σ. ΠΑΤΑΚΗΣ
|
| 970 |
|
|
|a ΒΑΡΚΑ
|b ΕΛΕΥΘΕΡΙΑ
|z 2007/06/12
|